Open Data Biblioteca Nacional de Portugal


República Portuguesa: Ministério da Cultura
Biblioteca Nacional de Portugal

Catálogo da BNP: acesso por Identificadores Unívocos
Registos Bibliográficos associados ao registo de autoridade

Etiqueta de registo: 00000nam 2200025 450
001 1961163
003 http://id.bnportugal.gov.pt/bib/catbnp/1961163
021 ## $aPT$b419507/16
100 ## $a20170502d2016 m d0pory01030103ba
101 0# $apor
102 ## $aPT
105 ## $aa z 000yy
106 ## $ar
200 1# $aLiceu$fMiguel Cheta$gtexto Nuno Faria$gtrad. Ana Soares$gcoord. Dália Paulo, Patrícia Batista$gfot. Vasco Célio
210 #9 $aLoulé$cCâmara Municipal de Loulé,$d2016
215 ## $a49, [5] p.$cil.$d21 cm
675 ## $a77.03(083.82)$vBN$zpor$31457164
675 ## $a061.4$vBN$zpor$3288771
700 #1 $aCheta,$bMiguel,$f1970-$31682550
701 #1 $aFaria,$bNuno,$f1971-$4070$31012968
702 #1 $aSoares,$bAna Clara$4730$3106685
702 #1 $aCélio,$bVasco,$f1975-$4600$31300209
702 #1 $aPaulo,$bDália$4340$31290204
702 #1 $aBatista,$bPatrícia$4340$31404560
801 #0 $aPT$bBN$gRPC
856 41 $uhttp://rnod.bnportugal.gov.pt/ImagesBN/winlibimg.aspx?skey=&doc=1961163&img=95172&save=true
900 ## $aBIBNAC$d20170707
966 ## $lBN$mFGMON$sB.A. 41746 V.$x1
966 ## $lBN$mFGMON$sB.A. 41746 V.-D$x1

OpendataBNP@bnportugal.pt | Mais informação sobre acesso aos dados BNP